Central Library OPAC University of Rajshahi

Defoe & spiritual autobiography / (Record no. 15943)

MARC details
000 -LEADER
fixed length control field 00664nam a2200217 a 4500
001 - CONTROL NUMBER
control field 15943
003 - CONTROL NUMBER IDENTIFIER
rucl marc code BD-RjUL
005 - DATE AND TIME OF LATEST TRANSACTION
control field 20211208235922.0
008 - FIXED-LENGTH DATA ELEMENTS--GENERAL INFORMATION
fixed length control field 161125s1965 njua b 001 0 eng
035 ## - SYSTEM CONTROL NUMBER
System control number (BD-RjUL)15998
040 ## - CATALOGING SOURCE
Original cataloging agency DLC
Language of cataloging eng
Transcribing agency DLC
Modifying agency BD-RjUL
041 ## - LANGUAGE CODE
Language code of text/sound track or separate title eng
082 ## - DEWEY DECIMAL CLASSIFICATION NUMBER
Classification number 823.5
Edition number 23
Author mark and year STD 1965
100 1# - MAIN ENTRY--PERSONAL NAME
Personal name Starr, G. A.
9 (RLIN) 166992
245 10 - TITLE STATEMENT
Title Defoe & spiritual autobiography /
Statement of responsibility, etc. G. A. Starr
260 ## - PUBLICATION, DISTRIBUTION, ETC. (IMPRINT)
Place of publication, distribution, etc. Princeton, N.J. :
Name of publisher, distributor, etc. Princeton University Press,
Date of publication, distribution, etc. c1965.
300 ## - PHYSICAL DESCRIPTION
Pagination xiii, 203 p. ;
Size 22 cm.
500 ## - GENERAL NOTE
General note Includes Index
600 ## - SUBJECT ADDED ENTRY--PERSONAL NAME
Personal name Defoe, Daniel,
General subdivision Spiritual life in literature
-- Autobiography
Chronological subdivision 1661?-1731
942 ## - ADDED ENTRY ELEMENTS (KOHA)
Source of classification or shelving scheme Dewey Decimal Classification
Koha item type Books
Holdings
Lost status Source of classification or shelving scheme Damaged status Not for loan Collection code Permanent Location Current Location Shelving location Date acquired Source of acquisition Cost, normal purchase price Total Checkouts Full call number Date last seen Copy number Koha item type
  Dewey Decimal Classification     Non-fiction Central Library, University of Rajshahi Central Library, University of Rajshahi   02/11/1968 Zeitlinger 61.00   823.5 STD 1965 26/11/2016 C-2 Books